000 00661nam a2200133Ia 4500
008 171212s9999 xx 000 0 und d
020 _a9780833034441
100 _aBensahel, Nora
245 _cBensahel, Nora
_aThe Counterterror Coalitions
_bCooperation with Europe, NATO, and the European Union
260 _bRAND Corporation
_c2003
650 _aPolitical Science
650 _aUnited States -- Military policy; United States -- Military relations -- Europe; Europe -- Military relations -- United States; Terrorism -- Prevention; War on Terrorism, 2001–; North Atlantic Treaty Organization; European Union
856 _uwww.jstor.org/stable/10.7249/mr1746af
999 _c352630
_d352630